All species of Tigers - Statistics

General Stats
  • This quiz has been taken 103 times
    94 since last reset
  • The average score is 4 of 7
Answer Stats
Tiger Species % Correct
Bengal
96%
Siberian
89%
Sumatran
70%
Amur
45%
Malayan
40%
Indochinese
38%
South China
30%
No matching quizzes found
Score Distribution
Percent of People with Each Score
Percentile by Number Answered
Your Score History
You have not taken this quiz since the last reset